000 00672nas a2200229 4500
001 BR7801395
003 BR-BrBNA
005 20231205083348.0
007 ta
008 230509b bl.|||p| |||| 00| 00por d
040 _aBR-BrBNA
_bpor
_cBiblioteca Nacional de Agricultura
041 _a(Pt)
072 _aH70
100 1 _aLink, D.
245 1 _aEntomofauna da soja, 2: Insetos associados a soja armazenada
650 _aARMAZENAMENTO
650 _aSOJA
650 _aINSETO
773 0 _tRevista do Centro de Ciencias Rurais (Brazil)
_xISSN 0085-5901
_g(Sep 1977), v. 7(3) p. 271-274
_wBR7801395
909 _a202311
_bLúcia
_c55
_dLúcia Elande
942 _2AGRIS
_n0
_cANA
999 _c98237
_d98237